| 000 | 00496nam a22001931a 4500 | ||
|---|---|---|---|
| 001 | 12021 | ||
| 003 | OSt | ||
| 005 | 20260204212307.0 | ||
| 008 | 140925s1988|||| ||||||b||||||||||eng|| | ||
| 020 | _a0697011909 | ||
| 082 | _a549 B562p | ||
| 100 | _aBlack BUN, WILLIAM | ||
| 245 | _aPrinciples of Menerology/ Willam H. Black Bun, Willam H. Dennen. | ||
| 264 | _aEstados Unidos: Broklin | ||
| 300 | _a413 p. | ||
| 650 | _aI-MINEROLOGIA | ||
| 700 | _aI-DENNEN H. WILLIAMÌ | ||
| 942 |
_2ddc _cBK |
||
| 999 |
_c12021 _d12021 |
||